Common Used Sayings - Statistics

General Stats
  • This quiz has been taken 908 times
  • The average score is 11 of 13
Answer Stats
Meaning Fill in the Gap Answer % Correct
Waking up in a bad mood Waking Up on the Wrong Side of the ... Bed
99%
To be caught doing something wrong Caught Red ...... handed
99%
To reveal a secret Spill the ..... beans
97%
Something said when a person is at a loss for words Cat got your ...... Tongue
95%
Rescued from an unwanted situation Saved by the .... Bell
94%
To relax or be at ease Let your hair .... Down
90%
To reveal one’s true nature Show your true ...... Colors
88%
Sleep Well Sleep ..... Tight
84%
To irritate, bother, or annoy someone Rub the wrong ... way
81%
To try ones hardest Go the whole 9 ..... yards
81%
To commence a project or initiate a friendship Break the ... Ice
79%
To quit something abruptly Go Cold ...... Turkey
79%
Accepting something Difficult Bite the .... Bullet
76%
No matching quizzes found
Score Distribution
Percent of People with Each Score
Percentile by Number Answered
Your Score History
You have not taken this quiz